000
00296nam a22001337a 4500
082
_a
894.812.1
_b
SAN/A
100
_a
SANKARANARAYANAN P.I
245
_a
AKSHARAPATTUKAL
260
_a
KOCHI
_b
NAVAMANA BALAVIKASA KENDRAM
_c
2000
300
_a
16
520
_a
POETRY
650
_a
POETRY
942
_c
BK
999
_c
4234
_d
4234